000 00353nam a2200133 i 4500
001 bg
100 1 _aPAROL, A.
245 0 _aBadanie wpływu obróbki umacniającej i gładkościowej na właściwości warstwy... /
_cA.Parol.
260 _aLublin,
_c1988.
040 _cBPK
041 _apol
942 _cKS
008 s pl f |000 0 pol
999 _c28737
_d28737
856 _uhttp://koha.tu.koszalin.pl/cgi-bin/koha/opac-detail.pl?biblionumber=28737
_yKatalog online BPK